| 000 | 00565nam a22002057a 4500 | ||
|---|---|---|---|
| 942 | _cBK | ||
| 999 |
_c505 _d505 |
||
| 005 | 20250420134813.0 | ||
| 008 | 200727b ||||| |||| 00| 0 eng d | ||
| 020 | _a9789814577410 | ||
| 040 | _cKCST | ||
| 082 |
_a621.3 _bRi Pr |
||
| 100 |
_aRizzoni, Giorgio _9594 |
||
| 245 | _aPrinciples and applications of electrical engineering / | ||
| 250 |
_a6th edition _bInt. student edition. |
||
| 260 |
_aNew York: _bMcGraw-Hill; _c2016. |
||
| 300 | _a1134 p. | ||
| 650 |
_aElectrical engineering. _9595 |
||
| 700 |
_aKearns, James _94742 |
||
| 942 | _2ddc | ||